| 000 | 00674nam a2200217 i 4500 | ||
|---|---|---|---|
| 001 | 153886 | ||
| 003 | ES-MaACL | ||
| 005 | 20230906205424.0 | ||
| 008 | 190130s1963 sp |||| | spa d | ||
| 245 | 0 | 0 |
_aCuaresma, preparación de la Pascua / _c[J. Bellavista, J. Burés, P. Tena]. |
| 260 |
_aBarcelona : _bEstela, _c1963. |
||
| 300 |
_a142 p. ; _c23 cm. |
||
| 490 | 1 |
_aColección "Phase" ; _v2 |
|
| 650 | 0 | 4 |
_aCuaresma. _911464 |
| 700 | 1 |
_aBellavista, Juan. _9166073 |
|
| 700 | 1 |
_aBurés, José. _9166074 |
|
| 700 | 1 |
_aTena, Pere ( _d1928-2014) _9109685 |
|
| 830 | 0 |
_aColección "Phase" ; _v2 _9187826 |
|
| 852 |
_aES-MaACL _jP-406-Ter-1 |
||
| 999 |
_c153886 _d153886 |
||